[Event "19. Obert Int. Sant Marti 2017"]
[Site "Barcelona ESP"]
[Date "2017.07.15"]
[Round "3.8"]
[White "Salinas Herrera, Pablo"]
[Black "Debarshi, Mukherjee"]
[Result "0-1"]
[WhiteElo "2438"]
[BlackElo "2301"]
[PlyCount "82"]
[EventDate "2017.07.13"]
[EventType "swiss"]
[EventRounds "9"]
[EventCountry "ESP"]
[SourceTitle "Ajedrez en Madrid"]
[Source "lmi"]
[SourceDate "2017.07.13"]
[SourceVersion "1"]
[SourceVersionDate "2019.06.21"]
[SourceQuality "1"]

1. e4 c5 2. Nf3 d6 3. d4 cxd4 4. Nxd4 Nf6 5. Nc3 a6 6. Nb3 e6 7. g4 b5 8. Bg2
Bb7 9. g5 Nfd7 10. Be3 Ne5 11. Qe2 Nc4 12. O-O-O Nd7 13. f4 Be7 14. h4 Nxe3 15.
Qxe3 b4 16. Ne2 a5 17. Nbd4 Qb6 18. Rh3 g6 19. h5 O-O-O 20. Nb3 Kc7 21. Qg3 Nc5
22. Nd2 Ba6 23. Bf1 Kb8 24. Kb1 Ka7 25. Nc1 Bb7 26. Bg2 d5 27. hxg6 hxg6 28.
Rxh8 Rxh8 29. exd5 exd5 30. Ncb3 Ne6 31. Nc1 a4 32. Nf1 Bd6 33. Bxd5 Bxf4 34.
Qg2 Bxd5 35. Rxd5 Rd8 36. Nd3 Bxg5 37. Ne5 Nf4 38. Qxg5 Rxd5 39. Qe7+ Ka6 40.
Nd3 Nxd3 41. cxd3 Qd4 0-1

[Event "19. Obert Int. Sant Marti 2017"]
[Site "Barcelona ESP"]
[Date "2017.07.15"]
[Round "3.9"]
[White "Fernandez, Fernando"]
[Black "Akash Pc, Iyer"]
[Result "1-0"]
[WhiteElo "2424"]
[BlackElo "2300"]
[PlyCount "85"]
[EventDate "2017.07.13"]
[EventType "swiss"]
[EventRounds "9"]
[EventCountry "ESP"]
[SourceTitle "Ajedrez en Madrid"]
[Source "lmi"]
[SourceDate "2017.07.13"]
[SourceVersion "1"]
[SourceVersionDate "2019.06.21"]
[SourceQuality "1"]

1. e4 c5 2. Nf3 Nc6 3. d4 cxd4 4. Nxd4 e5 5. Nb5 d6 6. N1c3 a6 7. Na3 Be7 8.
Nc4 b5 9. Ne3 Nf6 10. g3 O-O 11. Bg2 b4 12. Ncd5 Nxd5 13. exd5 Nd4 14. O-O a5
15. a3 Ba6 16. Re1 f5 17. c3 bxc3 18. bxc3 Nb5 19. Qc2 Rc8 20. Nxf5 Nxc3 21.
Nxe7+ Qxe7 22. Qd2 Qd7 23. Re3 Na4 24. Qxa5 Nc5 25. Rc3 Ra8 26. Be3 Rfb8 27.
Rxc5 dxc5 28. Qxc5 Rc8 29. Qb6 Bc4 30. Rc1 Rab8 31. Qa5 Bd3 32. Rd1 e4 33. d6
Rb5 34. Qe1 Re8 35. Qc3 Rc8 36. Qe1 Re8 37. Qc3 Rc8 38. Qe1 Re8 39. Qc3 Rc8 40.
Qe1 Qxd6 41. Bxe4 Rb3 42. Bf4 Qe6 43. Bxh7+ 1-0

[Event "19. Obert Int. Sant Marti 2017"]
[Site "Barcelona ESP"]
[Date "2017.07.15"]
[Round "3.11"]
[White "Smirnov, Artem"]
[Black "Martinez, Ayelen"]
[Result "1-0"]
[WhiteElo "2401"]
[BlackElo "2279"]
[PlyCount "135"]
[EventDate "2017.07.13"]
[EventType "swiss"]
[EventRounds "9"]
[EventCountry "ESP"]
[SourceTitle "Ajedrez en Madrid"]
[Source "lmi"]
[SourceDate "2017.07.13"]
[SourceVersion "1"]
[SourceVersionDate "2019.06.21"]
[SourceQuality "1"]

1. d4 d5 2. c4 e6 3. Nc3 c6 4. Nf3 dxc4 5. a4 Bb4 6. e4 Nf6 7. e5 Nd5 8. Bd2 b6
9. Bxc4 O-O 10. O-O Be7 11. Qe2 Bb7 12. Qe4 Ba6 13. Bxa6 Nxa6 14. Qg4 Nxc3 15.
bxc3 Re8 16. Bh6 Bf8 17. Bg5 Be7 18. Rae1 Nc7 19. h4 Kh8 20. Bf4 Qd5 21. Re3
Qa2 22. Ng5 Bxg5 23. Bxg5 Nd5 24. Rf3 Rf8 25. Re1 Qxa4 26. Qh5 Qc2 27. Rxf7 Qg6
28. Qxg6 hxg6 29. Rxf8+ Rxf8 30. c4 Nb4 31. Be7 Nc2 32. Rd1 Rf7 33. Bd6 Rf4 34.
d5 Nd4 35. g3 Re4 36. Ra1 a5 37. Rb1 cxd5 38. cxd5 exd5 39. Rxb6 Nf3+ 40. Kg2
Nxe5 41. Bxe5 Rxe5 42. Rxg6 a4 43. Ra6 Re4 44. Ra5 Rd4 45. Kf3 Rd3+ 46. Ke2 Rd4
47. Ke3 Re4+ 48. Kd3 Rb4 49. Rxd5 a3 50. Ra5 Rb2 51. f3 a2 52. g4 Kh7 53. h5
Rb3+ 54. Ke4 Rb4+ 55. Ke3 Rb2 56. Ra6 Rc2 57. Kf4 Rb2 58. Ra8 Rg2 59. g5 g6 60.
Ra7+ Kg8 61. hxg6 Rh2 62. Kg4 Rg2+ 63. Kf5 Rb2 64. f4 Rb5+ 65. Kg4 Rb2 66. f5
Rb4+ 67. Kh5 Rb2 68. Ra8+ 1-0

[Event "19. Obert Int. Sant Marti 2017"]
[Site "Barcelona ESP"]
[Date "2017.07.15"]
[Round "3.12"]
[White "Iniyan, P."]
[Black "Gonzalez Rodriguez, Jorge A."]
[Result "1-0"]
[WhiteElo "2380"]
[BlackElo "2274"]
[PlyCount "83"]
[EventDate "2017.07.13"]
[EventType "swiss"]
[EventRounds "9"]
[EventCountry "ESP"]
[SourceTitle "Ajedrez en Madrid"]
[Source "lmi"]
[SourceDate "2017.07.13"]
[SourceVersion "1"]
[SourceVersionDate "2019.06.21"]
[SourceQuality "1"]

1. d4 Nf6 2. c4 e6 3. Nc3 Bb4 4. Nf3 b6 5. e3 Bb7 6. Bd3 c5 7. O-O Bxc3 8. bxc3
d6 9. Nd2 Nc6 10. f4 Qc7 11. Bb2 e5 12. d5 Ne7 13. Qc2 O-O-O 14. a4 exf4 15.
exf4 a5 16. Nf3 h6 17. Bc1 Kb8 18. Bd2 Ka7 19. Be1 Rde8 20. Bh4 Bc8 21. Rae1
Nh5 22. Nd2 g6 23. Qd1 f5 24. Re3 Rhf8 25. Rfe1 Nf6 26. Bxf6 Rxf6 27. Qe2 Rf7
28. Nf3 Bd7 29. Bc2 Qd8 30. h4 h5 31. Ng5 Rg7 32. Ne6 Bxe6 33. Rxe6 Kb7 34. Qe3
Kc7 35. Qg3 Reg8 36. Qg5 Nc8 37. Rf6 Ne7 38. Ree6 Rf8 39. Rxd6 Qxd6 40. Rxf8
Ng8 41. Rxf5 Ne7 42. Re5 1-0

[Event "19. Obert Int. Sant Marti 2017"]
[Site "Barcelona ESP"]
[Date "2017.07.15"]
[Round "3.13"]
[White "Quirhuayo Chumbe, German Gonzalo"]
[Black "Yao, Lan"]
[Result "1/2-1/2"]
[WhiteElo "2376"]
[BlackElo "2273"]
[PlyCount "108"]
[EventDate "2017.07.13"]
[EventType "swiss"]
[EventRounds "9"]
[EventCountry "ESP"]
[SourceTitle "Ajedrez en Madrid"]
[Source "lmi"]
[SourceDate "2017.07.13"]
[SourceVersion "1"]
[SourceVersionDate "2019.06.21"]
[SourceQuality "1"]

1. e4 c5 2. Nf3 d6 3. d4 cxd4 4. Nxd4 Nf6 5. Nc3 Nc6 6. Bc4 Bd7 7. Be3 Ng4 8.
Nxc6 bxc6 9. Bd2 g6 10. f4 Bg7 11. h3 Nf6 12. Qf3 O-O 13. O-O-O Be6 14. Bb3 Qb6
15. g4 a5 16. Na4 Qb5 17. Bc3 c5 18. e5 dxe5 19. Bxe5 c4 20. Nc3 Qb4 21. a3 Qc5
22. Bd4 Qc8 23. Ba4 Ra6 24. Be5 Qa8 25. Qxa8 Raxa8 26. Rhe1 Rfd8 27. Bc6 Rxd1+
28. Rxd1 Rf8 29. Nb5 h5 30. g5 Ne8 31. Bxe8 Rxe8 32. Bxg7 Kxg7 33. Nc7 Rc8 34.
Nxe6+ fxe6 35. Re1 Kf7 36. Re4 c3 37. b3 Rc5 38. b4 axb4 39. axb4 Rf5 40. Kb1
e5 41. fxe5 Ke6 42. b5 Rxg5 43. b6 Kd7 44. Rb4 Kc8 45. b7+ Kb8 46. Ka2 Rxe5 47.
Kb3 Rc5 48. Rb6 g5 49. Re6 Kxb7 50. Rxe7+ Kc6 51. Kb4 Rf5 52. Re3 g4 53. hxg4
hxg4 54. Kxc3 Rf3 1/2-1/2

[Event "19. Obert Int. Sant Marti 2017"]
[Site "Barcelona ESP"]
[Date "2017.07.15"]
[Round "3.14"]
[White "Larsson, Anders"]
[Black "Narciso Dublan, Marc"]
[Result "1/2-1/2"]
[WhiteElo "2276"]
[BlackElo "2516"]
[PlyCount "109"]
[EventDate "2017.07.13"]
[EventType "swiss"]
[EventRounds "9"]
[EventCountry "ESP"]
[SourceTitle "Ajedrez en Madrid"]
[Source "lmi"]
[SourceDate "2017.07.13"]
[SourceVersion "1"]
[SourceVersionDate "2019.06.21"]
[SourceQuality "1"]

1. d4 d5 2. Nf3 Nf6 3. Bf4 c5 4. e3 Nc6 5. c3 Qb6 6. Qb3 c4 7. Qc2 Bf5 8. Qc1
e6 9. h3 Qa5 10. Nbd2 b5 11. a3 Be7 12. Be2 O-O 13. O-O Qd8 14. Ne5 Nxe5 15.
Bxe5 Nd7 16. Bg3 Bg6 17. Re1 f5 18. Nf3 a5 19. Ne5 Nxe5 20. Bxe5 Bd6 21. Bxd6
Qxd6 22. f4 Rfb8 23. Qd2 Ra6 24. Rec1 Rab6 25. Qe1 Be8 26. Kh1 Qe7 27. Qg3 h6
28. Qf2 b4 29. axb4 axb4 30. Bf3 Qb7 31. Kh2 Ra8 32. Qh4 Kf8 33. Qe1 Rba6 34.
Rxa6 Qxa6 35. Rb1 Qa2 36. Qc1 Qa5 37. Bd1 Rb8 38. Ra1 Qb6 39. Bf3 Bc6 40. Qe1
Qb7 41. Ra5 bxc3 42. bxc3 Ra8 43. Qa1 Ke7 44. Qa3+ Kd7 45. Kg3 Rxa5 46. Qxa5
Qb8 47. Bd1 g5 48. Kf3 Qb1 49. Ba4 Qf1+ 50. Kg3 Qe1+ 51. Kh2 Bxa4 52. Qxa4+ Kd6
53. Qb4+ Kd7 54. Qb7+ Kd6 55. Qb6+ 1/2-1/2

[Event "19. Obert Int. Sant Marti 2017"]
[Site "Barcelona ESP"]
[Date "2017.07.15"]
[Round "3.15"]
[White "Arizmendi Martinez, Julen Luis"]
[Black "Deshmukh, Anup"]
[Result "1/2-1/2"]
[WhiteElo "2511"]
[BlackElo "2241"]
[PlyCount "149"]
[EventDate "2017.07.13"]
[EventType "swiss"]
[EventRounds "9"]
[EventCountry "ESP"]
[SourceTitle "Ajedrez en Madrid"]
[Source "lmi"]
[SourceDate "2017.07.13"]
[SourceVersion "1"]
[SourceVersionDate "2019.06.21"]
[SourceQuality "1"]

1. Nf3 g6 2. e4 Bg7 3. d4 d6 4. Be2 Nf6 5. Nc3 O-O 6. O-O a6 7. Re1 Nc6 8. d5
Nb8 9. Nd4 c5 10. dxc6 bxc6 11. Be3 e5 12. Nb3 d5 13. exd5 cxd5 14. Bg5 Be6 15.
Qd2 Nbd7 16. Bf3 Nb6 17. Rad1 Qc7 18. Bxf6 Bxf6 19. Nxd5 Bxd5 20. Bxd5 Nxd5 21.
Qxd5 Qxc2 22. Rd2 Qc7 23. g3 Rad8 24. Qf3 Bg7 25. Red1 Rxd2 26. Rxd2 h5 27. Qd3
Qc8 28. h4 Re8 29. Qe4 Kh7 30. Rc2 Qh3 31. Qd5 Qf5 32. Rc7 Kg8 33. Nd2 e4 34.
Qxf5 gxf5 35. Nc4 Bd4 36. Nd6 Re6 37. Rc8+ Kh7 38. Nxf7 Rb6 39. b3 Kg6 40. Ng5
e3 41. fxe3 Bxe3+ 42. Kg2 Bxg5 43. Rg8+ Kf6 44. Rxg5 Rd6 45. Kh3 Rd2 46. Rxh5
Rxa2 47. Rh6+ Ke7 48. Rb6 Ra1 49. h5 Rh1+ 50. Kg2 Rxh5 51. Rxa6 Rh8 52. Ra7+
Ke6 53. Ra6+ Ke7 54. Kf3 Rh1 55. Ra5 Kf6 56. Ra6+ Ke5 57. Ra5+ Kf6 58. Rc5 Rb1
59. Rc3 Kg5 60. Ke3 Kg4 61. Kd4 Rg1 62. b4 Rxg3 63. Rxg3+ Kxg3 64. b5 f4 65. b6
f3 66. b7 f2 67. b8=Q+ Kg2 68. Qg8+ Kh2 69. Qf7 Kg2 70. Qg6+ Kh2 71. Qf5 Kg2
72. Qg4+ Kh2 73. Qf3 Kg1 74. Qg3+ Kh1 75. Ke3 1/2-1/2

[Event "19. Obert Int. Sant Marti 2017"]
[Site "Barcelona ESP"]
[Date "2017.07.15"]
[Round "3.16"]
[White "Burmakin, Vladimir"]
[Black "Frayna, Janelle Mae"]
[Result "1-0"]
[WhiteElo "2505"]
[BlackElo "2235"]
[PlyCount "55"]
[EventDate "2017.07.13"]
[EventType "swiss"]
[EventRounds "9"]
[EventCountry "ESP"]
[SourceTitle "Ajedrez en Madrid"]
[Source "lmi"]
[SourceDate "2017.07.13"]
[SourceVersion "1"]
[SourceVersionDate "2019.06.21"]
[SourceQuality "1"]

1. Nf3 Nf6 2. g3 g6 3. b3 Bg7 4. Bb2 d6 5. d4 c5 6. Bg2 cxd4 7. Nxd4 d5 8. O-O
O-O 9. c4 dxc4 10. bxc4 Qb6 11. Qb3 Nfd7 12. e3 Na6 13. Nc3 Nac5 14. Qc2 e6 15.
Rab1 a6 16. Ne4 Qc7 17. Ba3 Re8 18. Rfd1 Nxe4 19. Bxe4 Nc5 20. Bxc5 Qxc5 21.
Qa4 Re7 22. Nb3 Qc7 23. Na5 Ra7 24. c5 f5 25. Bg2 Bc3 26. Nc4 Qxc5 27. Rd8+ Kg7
28. Nb6 1-0

[Event "19. Obert Int. Sant Marti 2017"]
[Site "Barcelona ESP"]
[Date "2017.07.15"]
[Round "3.17"]
[White "Mendonca, Leon Luke"]
[Black "Oliva Castaneda, Kevel"]
[Result "1-0"]
[WhiteElo "2222"]
[BlackElo "2497"]
[PlyCount "75"]
[EventDate "2017.07.13"]
[EventType "swiss"]
[EventRounds "9"]
[EventCountry "ESP"]
[SourceTitle "Ajedrez en Madrid"]
[Source "lmi"]
[SourceDate "2017.07.13"]
[SourceVersion "1"]
[SourceVersionDate "2019.06.21"]
[SourceQuality "1"]

1. d4 d5 2. c4 c6 3. Nc3 Nf6 4. e3 e6 5. Nf3 Nbd7 6. b3 Bb4 7. Bd2 O-O 8. Bd3
Qe7 9. O-O dxc4 10. Bxc4 e5 11. dxe5 Nxe5 12. Nxe5 Qxe5 13. Ne4 Ng4 14. Ng3 Rd8
15. Bxf7+ Kh8 16. Bxb4 Rxd1 17. Raxd1 Be6 18. Bxe6 Qxe6 19. Rd2 h6 20. Rfd1 Re8
21. Ba3 Kh7 22. h3 Nf6 23. Bb2 Nd5 24. e4 Nf4 25. Rd6 Qf7 26. Nf5 Rxe4 27. Rd7
Re1+ 28. Rxe1 Qxd7 29. Re7 Qd1+ 30. Kh2 Qb1 31. Rxg7+ Kh8 32. Be5 Nd3 33. Bf6
Qc1 34. Rxb7+ Kg8 35. Rg7+ Kf8 36. Be7+ Ke8 37. Nd6+ Kd7 38. Bg5+ 1-0

[Event "19. Obert Int. Sant Marti 2017"]
[Site "Barcelona ESP"]
[Date "2017.07.15"]
[Round "3.18"]
[White "Rios, Cristhian Camilo"]
[Black "Dardha, Daniel"]
[Result "1-0"]
[WhiteElo "2477"]
[BlackElo "2212"]
[PlyCount "95"]
[EventDate "2017.07.13"]
[EventType "swiss"]
[EventRounds "9"]
[EventCountry "ESP"]
[SourceTitle "Ajedrez en Madrid"]
[Source "lmi"]
[SourceDate "2017.07.13"]
[SourceVersion "1"]
[SourceVersionDate "2019.06.21"]
[SourceQuality "1"]

1. e4 c5 2. Nf3 Nc6 3. Nc3 Nf6 4. d4 cxd4 5. Nxd4 e5 6. Ndb5 d6 7. a4 Be6 8.
Bg5 a6 9. Bxf6 gxf6 10. Na3 f5 11. Bc4 fxe4 12. Bxe6 fxe6 13. Nxe4 d5 14. Qh5+
Kd7 15. O-O Kc7 16. Ng5 Qf6 17. f4 e4 18. c3 h6 19. Nh3 Qf5 20. Qe2 Bxa3 21.
Rxa3 Rag8 22. Kh1 Rg7 23. Raa1 Rhg8 24. Rg1 Ne7 25. Qf2 e5 26. b4 Ng6 27. Qc5+
Kb8 28. Qxd5 Nxf4 29. Nxf4 Qxf4 30. Raf1 Qh4 31. Qxe5+ Ka8 32. b5 Rg5 33. Qd6
R5g6 34. Rf8+ Rxf8 35. Qxf8+ Ka7 36. Qc5+ Ka8 37. Rf1 Rg8 38. bxa6 Qg5 39.
axb7+ Kb8 40. Qd6+ Ka7 41. Qd4+ Kb8 42. Qxe4 Rd8 43. h3 Qg7 44. Rb1 Qc7 45. a5
Rf8 46. a6 Qc5 47. a7+ Kxa7 48. b8=Q+ 1-0

[Event "19. Obert Int. Sant Marti 2017"]
[Site "Barcelona ESP"]
[Date "2017.07.15"]
[Round "3.19"]
[White "Rodriguez Alvarez, Vidal"]
[Black "Zubritskiy, Artyom"]
[Result "1/2-1/2"]
[WhiteElo "2214"]
[BlackElo "2442"]
[PlyCount "58"]
[EventDate "2017.07.13"]
[EventType "swiss"]
[EventRounds "9"]
[EventCountry "ESP"]
[SourceTitle "Ajedrez en Madrid"]
[Source "lmi"]
[SourceDate "2017.07.13"]
[SourceVersion "1"]
[SourceVersionDate "2019.06.21"]
[SourceQuality "1"]

1. Nf3 Nf6 2. c4 g6 3. Nc3 Bg7 4. e4 d6 5. d4 O-O 6. Be2 c6 7. O-O Qc7 8. Re1
e5 9. h3 Nbd7 10. Bf1 exd4 11. Nxd4 Re8 12. g3 Nc5 13. Bg2 a5 14. Bf4 Nfd7 15.
Nb3 Be5 16. Be3 a4 17. Nd4 Nb6 18. Bf1 Bg7 19. Qc2 Be6 20. b3 axb3 21. axb3
Rxa1 22. Rxa1 Bd7 23. Bg2 h5 24. Rd1 Ra8 25. Bf4 Be5 26. Be3 Bg7 27. Bf4 Be5
28. Be3 Bf6 29. Bf4 Be5 1/2-1/2

[Event "19. Obert Int. Sant Marti 2017"]
[Site "Barcelona ESP"]
[Date "2017.07.15"]
[Round "3.20"]
[White "Oblitas, Carlomagno"]
[Black "Ajay, Karthikeyan"]
[Result "1-0"]
[WhiteElo "2395"]
[BlackElo "2187"]
[PlyCount "87"]
[EventDate "2017.07.13"]
[EventType "swiss"]
[EventRounds "9"]
[EventCountry "ESP"]
[SourceTitle "Ajedrez en Madrid"]
[Source "lmi"]
[SourceDate "2017.07.13"]
[SourceVersion "1"]
[SourceVersionDate "2019.06.21"]
[SourceQuality "1"]

1. c4 Nf6 2. Nc3 g6 3. e4 d6 4. g3 Bg7 5. Bg2 O-O 6. Nge2 Nc6 7. O-O e5 8. d3
Bd7 9. h3 a6 10. f4 Rb8 11. f5 b5 12. g4 b4 13. Nb1 Bc8 14. Nd2 Nd7 15. Nf3 Nc5
16. Be3 f6 17. Qd2 Ne7 18. Ng3 Bb7 19. Rad1 a5 20. Qf2 Na4 21. d4 Qe8 22. Qc2
Ba6 23. Rfe1 Qc6 24. Bf1 Rfd8 25. Qb3 Kh8 26. Rd2 Qe8 27. d5 Nc8 28. Rc1 Nc5
29. Qd1 Ne7 30. Rg2 Qf7 31. Ne1 c6 32. Nd3 Nxd3 33. Bxd3 Rdc8 34. Bf1 cxd5 35.
cxd5 Bxf1 36. Kxf1 Qe8 37. Rxc8 Rxc8 38. Rc2 gxf5 39. gxf5 Qd7 40. Rxc8+ Qxc8
41. Qc1 Qa6+ 42. Kf2 Kg8 43. Qc7 Kf7 44. Qd7 1-0

[Event "19. Obert Int. Sant Marti 2017"]
[Site "Barcelona ESP"]
[Date "2017.07.15"]
[Round "3.21"]
[White "Anuj, Shrivatri"]
[Black "Vassallo Barroche, Mauricio"]
[Result "0-1"]
[WhiteElo "1920"]
[BlackElo "2376"]
[PlyCount "96"]
[EventDate "2017.07.13"]
[EventType "swiss"]
[EventRounds "9"]
[EventCountry "ESP"]
[SourceTitle "Ajedrez en Madrid"]
[Source "lmi"]
[SourceDate "2017.07.13"]
[SourceVersion "1"]
[SourceVersionDate "2019.06.21"]
[SourceQuality "1"]

1. d4 Nf6 2. c4 d6 3. Nc3 e5 4. dxe5 dxe5 5. Qxd8+ Kxd8 6. Nf3 Nfd7 7. g4 Na6
8. Bd2 Bd6 9. O-O-O f6 10. g5 Nb6 11. gxf6 gxf6 12. b3 Ke7 13. Kb2 Bf5 14. Nh4
Be6 15. Bg2 Nc5 16. Be3 Rhg8 17. Ne4 Nbd7 18. Ng3 Kf7 19. Bd5 Bxd5 20. Rxd5
Rgd8 21. Nhf5 Bf8 22. Rhd1 Ke6 23. b4 Na4+ 24. Kb3 Nab6 25. R5d2 c5 26. b5 a6
27. Nd6 axb5 28. Nxb5 Rdc8 29. Nd6 Rc6 30. Nb5 Be7 31. Ne4 Ra4 32. Ned6 Rb4+
33. Kc3 Na4+ 34. Kd3 Bxd6 35. Ke4 Rxc4+ 36. Kf3 Rd4 37. Bxd4 cxd4 38. e3 Nc3
39. exd4 e4+ 40. Kg2 Nd5 41. Re1 f5 42. a3 Bf4 43. Rb2 b6 44. Rb3 Rc2 45. Kg1
N7f6 46. Rh3 h6 47. a4 Ng4 48. f3 Be3+ 0-1

[Event "19. Obert Int. Sant Marti 2017"]
[Site "Barcelona ESP"]
[Date "2017.07.15"]
[Round "3.22"]
[White "Karim, Ismael"]
[Black "Sumit, Kumar"]
[Result "1/2-1/2"]
[WhiteElo "2361"]
[BlackElo "1975"]
[PlyCount "74"]
[EventDate "2017.07.13"]
[EventType "swiss"]
[EventRounds "9"]
[EventCountry "ESP"]
[SourceTitle "Ajedrez en Madrid"]
[Source "lmi"]
[SourceDate "2017.07.13"]
[SourceVersion "1"]
[SourceVersionDate "2019.06.21"]
[SourceQuality "1"]

1. e4 e5 2. Nf3 Nc6 3. Nc3 Nf6 4. Bb5 Bb4 5. O-O O-O 6. d3 d6 7. Ne2 Ne7 8. c3
Ba5 9. Ng3 Ng6 10. d4 c6 11. Bd3 h6 12. h3 Re8 13. Be3 Bc7 14. Qc2 Qe7 15. Rfe1
Be6 16. a4 Nh7 17. Qd2 Nh4 18. Nxh4 Qxh4 19. d5 Bd7 20. Bc4 a6 21. b4 Nf6 22.
Qd3 cxd5 23. Bxd5 Nxd5 24. Qxd5 Bc6 25. Qd3 b5 26. c4 bxa4 27. b5 axb5 28. cxb5
Bb7 29. b6 Bb8 30. Qb5 Rd8 31. Rxa4 Rxa4 32. Qxa4 d5 33. Bc5 dxe4 34. Nf5 Qf4
35. Ne7+ Kh7 36. Nc6 Rc8 37. Ne7 Rd8 1/2-1/2

[Event "19. Obert Int. Sant Marti 2017"]
[Site "Barcelona ESP"]
[Date "2017.07.15"]
[Round "3.23"]
[White "Dhulipalla, Bala Chandra Prasad"]
[Black "Xu, Zhihang"]
[Result "0-1"]
[WhiteElo "2335"]
[BlackElo "2140"]
[PlyCount "102"]
[EventDate "2017.07.13"]
[EventType "swiss"]
[EventRounds "9"]
[EventCountry "ESP"]
[SourceTitle "Ajedrez en Madrid"]
[Source "lmi"]
[SourceDate "2017.07.13"]
[SourceVersion "1"]
[SourceVersionDate "2019.06.21"]
[SourceQuality "1"]

1. d4 Nf6 2. Bf4 c5 3. dxc5 Na6 4. Qd4 Qa5+ 5. c3 Qxc5 6. e3 e6 7. Nd2 Be7 8.
Ngf3 O-O 9. Nb3 Qb6 10. Qxb6 axb6 11. Be2 d6 12. Nbd2 e5 13. Bg5 Nc5 14. Nc4
Na4 15. O-O-O Rd8 16. Bxf6 gxf6 17. e4 Be6 18. a3 d5 19. exd5 Bxd5 20. Ne3 Be6
21. Rxd8+ Rxd8 22. Rd1 Rc8 23. Kc2 Kf8 24. Bb5 Nc5 25. Bc4 Bd7 26. Bd5 Ke8 27.
Nh4 Rd8 28. Nhf5 Ba4+ 29. b3 Rxd5 30. Nxd5 Bxb3+ 31. Kc1 Bxd1 32. Nfxe7 Bb3 33.
Ng8 Kd7 34. Ndxf6+ Ke6 35. Nxh7 Nd3+ 36. Kd2 Nxf2 37. Nf8+ Kf5 38. h4 f6 39.
Ne7+ Kg4 40. Nh7 Ne4+ 41. Ke3 Bc2 42. Ng8 f5 43. Nh6+ Kh5 44. Nf7 f4+ 45. Kf3
Nd2+ 46. Ke2 Bxh7 47. Nxe5 Kxh4 48. Kf2 Be4 49. Nd7 Nc4 50. a4 Kg4 51. Nf8 Bf5
0-1

[Event "19. Obert Int. Sant Marti 2017"]
[Site "Barcelona ESP"]
[Date "2017.07.15"]
[Round "3.24"]
[White "Bhagwat, Vinod"]
[Black "Fenil, Shah"]
[Result "0-1"]
[WhiteElo "2177"]
[BlackElo "2267"]
[PlyCount "82"]
[EventDate "2017.07.13"]
[EventType "swiss"]
[EventRounds "9"]
[EventCountry "ESP"]
[SourceTitle "Ajedrez en Madrid"]
[Source "lmi"]
[SourceDate "2017.07.13"]
[SourceVersion "1"]
[SourceVersionDate "2019.06.21"]
[SourceQuality "1"]

1. d4 d6 2. Bf4 g6 3. Nf3 Bg7 4. e3 Nd7 5. c3 e5 6. dxe5 dxe5 7. Bg5 Ne7 8. h3
h6 9. Bh4 O-O 10. Be2 Qe8 11. Bg3 Nf5 12. Bh2 Qe7 13. O-O a5 14. a4 Nc5 15. Qc2
Nd6 16. e4 Ncxe4 17. Re1 Nc5 18. Bf1 Bf5 19. Qd1 Nde4 20. Re3 h5 21. b4 Rfd8
22. Qe1 axb4 23. cxb4 Nxa4 24. Bb5 Nb6 25. Rxa8 Rxa8 26. Bd3 Nd6 27. Nxe5 Bxd3
28. Nxd3 Qd8 29. Ne5 Ra1 30. Ra3 Rxa3 31. Nxa3 Qe8 32. g4 hxg4 33. hxg4 Qe6 34.
Qe3 Bxe5 35. Qxe5 Qxg4+ 36. Bg3 Qe6 37. Qd4 Nd5 38. Qh4 Qe7 39. Qd4 Qe1+ 40.
Kh2 Qe4 41. Qc5 Nf4 0-1

[Event "19. Obert Int. Sant Marti 2017"]
[Site "Barcelona ESP"]
[Date "2017.07.15"]
[Round "3.25"]
[White "Blasco Coll, Andreu"]
[Black "Rizouk, Aimen"]
[Result "1-0"]
[WhiteElo "2144"]
[BlackElo "2472"]
[PlyCount "83"]
[EventDate "2017.07.13"]
[EventType "swiss"]
[EventRounds "9"]
[EventCountry "ESP"]
[SourceTitle "Ajedrez en Madrid"]
[Source "lmi"]
[SourceDate "2017.07.13"]
[SourceVersion "1"]
[SourceVersionDate "2019.06.21"]
[SourceQuality "1"]

1. d4 Nf6 2. c4 e6 3. Nc3 Bb4 4. e3 c5 5. Nge2 b6 6. a3 Ba5 7. Rb1 Na6 8. g3
Bb7 9. d5 b5 10. Bg2 bxc4 11. O-O exd5 12. Nxd5 Nxd5 13. Bxd5 Qc8 14. Bxb7 Qxb7
15. Qa4 Bb6 16. Rd1 Rd8 17. Nc3 Nc7 18. e4 Qa6 19. Qxa6 Nxa6 20. Nb5 d5 21.
exd5 O-O 22. Bf4 Rd7 23. Rbc1 Re8 24. Kf1 h6 25. h4 g5 26. hxg5 hxg5 27. Bxg5
Re5 28. Be3 Rexd5 29. Rxd5 Rxd5 30. Rxc4 Rd3 31. Nc3 Kf8 32. Ke2 Rd7 33. Na4
Rd5 34. Re4 Rd6 35. Bf4 Rc6 36. Kd3 Bd8 37. Kc4 Be7 38. Be3 Rc7 39. Re5 f6 40.
Rh5 Rb7 41. b3 Kf7 42. Nxc5 1-0

[Event "19. Obert Int. Sant Marti 2017"]
[Site "Barcelona ESP"]
[Date "2017.07.15"]
[Round "3.26"]
[White "Abhilash, Reddy M.L."]
[Black "Hansen, Torbjorn Ringdal"]
[Result "1-0"]
[WhiteElo "2133"]
[BlackElo "2429"]
[PlyCount "135"]
[EventDate "2017.07.13"]
[EventType "swiss"]
[EventRounds "9"]
[EventCountry "ESP"]
[SourceTitle "Ajedrez en Madrid"]
[Source "lmi"]
[SourceDate "2017.07.13"]
[SourceVersion "1"]
[SourceVersionDate "2019.06.21"]
[SourceQuality "1"]

1. d4 Nf6 2. Bg5 d5 3. Bxf6 gxf6 4. e3 c5 5. c3 Nc6 6. Nd2 e5 7. Nb3 cxd4 8.
exd4 e4 9. Qh5 f5 10. f4 Qf6 11. Nh3 Qg6 12. Qe2 Bd7 13. O-O-O b6 14. Nf2 Be7
15. Kb1 a5 16. Rc1 a4 17. Nd2 b5 18. Nd1 b4 19. Qf2 Rb8 20. c4 Qf6 21. cxd5
Nxd4 22. Nc4 b3 23. a3 Bc5 24. Ne5 Qb6 25. Qg3 Rf8 26. Qg7 Nc2 27. Nc4 Qa7 28.
Qf6 Be7 29. Qg7 Rb6 30. Qe5 f6 31. Qc3 Bd6 32. Nde3 Bxf4 33. Nxb6 Qxb6 34. Nc4
Qf2 35. Rd1 e3 36. g3 Bg5 37. Bd3 Kf7 38. Rdf1 Qg2 39. h4 Bh6 40. Rhg1 Qxd5 41.
Nb6 Qc6 42. Nxd7 Nxa3+ 43. Ka1 Qxd7 44. bxa3 Rc8 45. Bc4+ Kg7 46. Rf4 e2 47.
Rd4 Qe7 48. Kb2 Be3 49. Re1 Bxd4 50. Qxd4 Qc7 51. Bd3 Rd8 52. Qc3 Qxg3 53. Bxe2
f4 54. Qc7+ Kg6 55. Qxd8 Qxe1 56. Qe8+ Kh6 57. Qf8+ Kg6 58. Qg8+ Kh6 59. Qf8+
Kg6 60. h5+ Kf5 61. Qc8+ Ke4 62. Qc6+ Ke5 63. Qc3+ Qxc3+ 64. Kxc3 f5 65. Bb5 f3
66. Bxa4 f2 67. Bb5 Kf4 68. a4 1-0

[Event "19. Obert Int. Sant Marti 2017"]
[Site "Barcelona ESP"]
[Date "2017.07.15"]
[Round "3.27"]
[White "Vignesh, B."]
[Black "Gonzales, Jayson"]
[Result "1/2-1/2"]
[WhiteElo "2124"]
[BlackElo "2399"]
[PlyCount "81"]
[EventDate "2017.07.13"]
[EventType "swiss"]
[EventRounds "9"]
[EventCountry "ESP"]
[SourceTitle "Ajedrez en Madrid"]
[Source "lmi"]
[SourceDate "2017.07.13"]
[SourceVersion "1"]
[SourceVersionDate "2019.06.21"]
[SourceQuality "1"]

1. e4 e5 2. Nf3 Nc6 3. Bc4 Nf6 4. d3 Be7 5. c3 O-O 6. Bb3 d5 7. Qe2 Be6 8. Bc2
Nd7 9. b4 a6 10. O-O d4 11. a3 Bg4 12. h3 Bxf3 13. Qxf3 dxc3 14. Nxc3 Nd4 15.
Qd1 a5 16. b5 Nc5 17. Be3 Nce6 18. Ba4 Bc5 19. Qg4 Qd6 20. Bc1 Kh8 21. Kh1 Rad8
22. Nd5 f5 23. exf5 Qxd5 24. fxe6 Nxe6 25. Be3 Bd4 26. Bxd4 Nxd4 27. Rac1 Rf4
28. Qd1 Qd6 29. Rc3 Rdf8 30. Kg1 h6 31. Rc4 R8f7 32. Qe1 Qg6 33. Qe3 Qg5 34.
Bd1 b6 35. a4 Qf6 36. g3 Qg6 37. Bg4 h5 38. Qxe5 hxg4 39. Rxd4 Rxd4 40. Qxd4
gxh3 41. Qd8+ 1/2-1/2